000 00517nam a2200193Ia 4500
003 OSt
005 20230208144526.0
008 210210b2007 xxu||||| |||| 00| 0 eng d
040 _cAL
041 _aeng
082 _a658.002 BUSH
100 _aBUSINESS WORLD
_971358
245 _aHow to get into the best international B schools in 2008
_bMega international B school guide
260 _aNew Delhi
_bA B P
_c2007
300 _a130
690 _aManagement Entrance
_971359
906 _a062154
942 _2ddc
_cBK
999 _c116833
_d116833